000 00461nam a2200181 i 4500
001 100395
003 ES-MaACL
005 20230906182651.0
007 t|
008 050928s1930 sp |||| | spa d
080 _a821.134.2-31"19"
100 1 _aMás, José.
_978616
245 1 0 _aLuna y sol de marisma
_b: novela /
_cJosé Más.
250 _a2ª ed.
260 _aMadrid :
_bPueyo,
_c1930.
300 _a292 p. ;
_c19 cm.
852 4 _aES-MaACL
_jA-4562
999 _c100395
_d100395